<?xml version="1.0" encoding="UTF-8"?>
<collection xmlns="http://www.loc.gov/MARC21/slim">
 <record>
  <leader>     na                 </leader>
  <controlfield tag="001">INLIS000000000002981</controlfield>
  <controlfield tag="005">20260409073247</controlfield>
  <controlfield tag="035">$a 0010-0426000072</controlfield>
  <controlfield tag="245">$a Keajaiban Menara Effiel /$c Tim CBM</controlfield>
  <controlfield tag="100">$a Tim CBM</controlfield>
  <controlfield tag="300">$a 88 hlm : $b ilus ; $c 17.5 x 25 cm</controlfield>
  <controlfield tag="260">$a Bandung :$b PT Karya Kita,$c 2007</controlfield>
  <controlfield tag="082">$a 932</controlfield>
  <controlfield tag="084">$a 932 TIM k</controlfield>
  <controlfield tag="020">$a 978-979-9282-62-0</controlfield>
  <controlfield tag="990">$a 2491/2012</controlfield>
  <controlfield tag="990">$a 2492/2012</controlfield>
  <controlfield tag="990">$a 2493/2012</controlfield>
  <controlfield tag="990">$a 2494/2012</controlfield>
  <controlfield tag="990">$a 2495/2012</controlfield>
 </record>
</collection>
